Places To Study

There are group study rooms, individual study carrels, computer labs, and other spaces to study in the Libraries.

Reserve A Group Room

Online Resources

Access thousands of eBooks, audiobooks, and online journals from the comfort of your home.

Explore Resources

Events and Workshops

Join our upcoming events and workshops to enhance your skills and knowledge.

View Events

ရဟန္တာကိုးကျိပ်တို့၏ အောင်တံခွန် (မဓုရရသဝါဟိနီ သီဟဠဝတ္ထု) / (Record no. 2781)

MARC details
000 -LEADER
fixed length control field 00859nam a22001937a 4500
003 - CONTROL NUMBER IDENTIFIER
control field OSt
005 - DATE AND TIME OF LATEST TRANSACTION
control field 20251224163002.0
008 - FIXED-LENGTH DATA ELEMENTS--GENERAL INFORMATION
fixed length control field 251222b |||||||| |||| 00| 0 eng d
040 ## - CATALOGING SOURCE
Transcribing agency DCL
082 ## - DEWEY DECIMAL CLASSIFICATION NUMBER
Classification number ၂၉၄.၃၃၆၈
100 0# - MAIN ENTRY--PERSONAL NAME
Personal name ဝဏ္ဏသီရိ။
245 10 - TITLE STATEMENT
Title ရဟန္တာကိုးကျိပ်တို့၏ အောင်တံခွန် (မဓုရရသဝါဟိနီ သီဟဠဝတ္ထု) /
Statement of responsibility, etc. တဏ္ဏသီရိ။
260 ## - PUBLICATION, DISTRIBUTION, ETC.
Place of publication, distribution, etc. ရန်ကုန် ၊
Name of publisher, distributor, etc. ယုံကြည်ချက်စာပေ၊
Date of publication, distribution, etc. ၂၀၁၀။
300 ## - PHYSICAL DESCRIPTION
Extent ၃၁၇ စာမျက်နှာ ၊
Dimensions ၂၁ စင်တီ။
650 ## - SUBJECT ADDED ENTRY--TOPICAL TERM
Topical term or geographic name entry element ဗုဒ္ဓဇာတ်ဝတ္ထု
650 ## - SUBJECT ADDED ENTRY--TOPICAL TERM
Topical term or geographic name entry element ကုသိုလ်
650 ## - SUBJECT ADDED ENTRY--TOPICAL TERM
Topical term or geographic name entry element အကုသိုလ်
942 ## - ADDED ENTRY ELEMENTS (KOHA)
Source of classification or shelving scheme Dewey Decimal Classification
Koha item type Short Term
Suppress in OPAC No
Holdings
Withdrawn status Lost status Source of classification or shelving scheme Damaged status Not for loan Collection Accession No. Home library Current library Shelving location Date acquired Total checkouts Full call number Barcode Date last seen Price effective from Koha item type
    Dewey Decimal Classification     Myanmar Collection ၁၂၇၆ Dhammadhara Dhammadhara Myanmar Shelves 22/12/2025   ၂၉၄.၃၃၆၈ ဝဏ် ၁၂၇၆ MB00001276 22/12/2025 22/12/2025 Short Term